| 000 | nam a22 7a 4500 | ||
|---|---|---|---|
| 999 |
_c7055 _d7055 |
||
| 005 | 20190206073001.0 | ||
| 008 | 190206b xxu||||| |||| 00| 0 eng d | ||
| 020 |
_a0333149386 _bpaperback |
||
| 040 |
_beng _cAPEC Schools Library _erda |
||
| 082 |
_aFic _bSh527 1974 |
||
| 100 | _aShakespeare, William | ||
| 245 |
_aAs you like it / _cWilliam Shakespeare |
||
| 264 |
_aLondon : _bMcmillan Education Ltd., _c©1974. |
||
| 300 |
_a199 pages ; _c15 cm. |
||
| 336 |
_2rdacontent _atext |
||
| 337 |
_2rdamedia _aunmediated |
||
| 338 |
_2rdacarrier _avolume |
||
| 942 |
_2ddc _cBK |
||